| 000 | 01072nam a22003257a 4500 | ||
|---|---|---|---|
| 003 | CHAP | ||
| 005 | 20220329140518.0 | ||
| 008 | 971013s1972 r 00010 d | ||
| 010 | _a53123 | ||
| 011 | _a54095 | ||
| 035 | _a58245 | ||
| 040 | _cCHAP | ||
| 082 |
_a574.192 _bS43Y |
||
| 100 | 0 | 0 |
_aSegel, Irwin H. _9103611 |
| 245 |
_aCálculos en bioquímica _b: resolución de problemas matemáticos en bioquímica |
||
| 260 |
_aZaragoza : _bAcribia, _c1972 |
||
| 300 | _a426 p. | ||
| 590 |
_aBATCH-UPD _b10 _c20130109 _lUCH01 _h2356 |
||
| 590 |
_aBATCH-UPD _b10 _c20130110 _lUCH01 _h0725 |
||
| 590 |
_aBATCH-UPD _b10 _c20130409 _lUCH01 _h1930 |
||
| 590 |
_aBATCH-UPD _b10 _c20130410 _lUCH01 _h0409 |
||
| 590 |
_aBATCH-UPD _b10 _c20130914 _lUCH01 _h0635 |
||
| 590 |
_aCONVERSION _b10 _c20130109 _lUCH01 _h1329 |
||
| 650 | 1 | 4 |
_aBiomatemática. _912827 |
| 650 | 1 | 4 |
_aBioquímica. _912849 |
| 901 | _aBK | ||
| 942 | _cLIBRO | ||
| 949 |
_a574.192 S43Y _bBC _cLIBRO _d33724000833638 _eLIBRO _h28536 _i58245 _si |
||
| 949 |
_a574.192 S43Y _bBC _cLIBRO _d33724000914115 _eLIBRO _fc.2 _h273 _i58245 _si |
||
| 999 |
_c53123 _d53123 |
||